=LDR 00000nam 2200000 4500 =001 001205 =005 20250710030747 =035 ##$$a 0010-0725000237 =007 ta =008 250710################a##########0#ind## =020 ##$$a 978-623-307-024-9 =082 ##$$a 398.209 598 =084 ##$$a 398.209 598 SUP p =100 #$$a Supriyatin soeprie ketjil =245 1#$$a Pesan damai nasi kembar /$c Supriyatin soeprie ketjil =250 ##$$a Cetakan ketiga =260 ##$$a Rawamangun :$b Badan pengembangan dan pembinaan bahasa,$c 2020 =300 ##$$a 58 hlm. : $b Ilus. ; $c 29,7cm =650 #4$$a Cerita anak-indonesia =990 ##$$a TBM00970097